01016nam a22002777a 4500003000400000005001700004008004100021020004100062040003100103050001500134100003100149245015300180250001900333260003600352300004600388336002400434337002800458338002500486504005100511650002700562650003000589650002400619700003500643700003000678700003000708OSt20250818115250.0250715b |||||||| |||| 00| 0 eng d a9780323870931 (Paperback)cUSD 45.00 aNUSTbengcNUSTdNUSTerda aRB38.2 MAC aMacDonald Sandra AeAuthor a Pagana's Canadian manual of diagnostic and laboratory tests /cSandra A. MacDonald, Kathleen Deska Pagana, Timothy J. Pagana and Theresa N. Pagana. aThird edition. a[Canada] :bElservier,c©2024. axv, 1215 pages :bIllustrations ;c28 cm. 2rdamediaatextbtxt 2rdamediaaunmediatedbn 2rdamediaavolumebnc aIncludes bibliographical references and index. v Laboratory technique. v Medicine Pathology . vClinical pathology. aPagana, Kathleen DeskaeAuthor aPagana, Timothy JeAuthor aPagana, Theresa NeAuthor